书目信息 |
| 题名: |
眼力,你该有的分辨力
|
|
| 作者: | 刘畅 著 | |
| 分册: | ||
| 出版信息: | 北京 台海出版社 2017 |
|
| 页数: | 235页 | |
| 开本: | 24cm | |
| 丛书名: | ||
| 单 册: | ||
| 中图分类: | C912.11-49 , C912.11 | |
| 科图分类: | ||
| 主题词: | 心理交往--通俗读物 | |
| 电子资源: | ||
| ISBN: | 978-7-5168-1427-7 | |
| 000 | 00841nam0 2200229 450 | |
| 001 | 1515 | |
| 005 | 20180522125604.93 | |
| 010 | @a978-7-5168-1427-7@dCNY36.00 | |
| 100 | @a20170905d2017 em y0chiy50 ea | |
| 101 | 0 | @achi |
| 102 | @aCN@b110000 | |
| 105 | @ay z 000yy | |
| 200 | 1 | @a眼力,你该有的分辨力@9yan li,ni gai you de fen bian li@f刘畅著 |
| 210 | @a北京@c台海出版社@d2017 | |
| 215 | @a235页@d24cm | |
| 330 | @a本书从多个方面分析了眼力的重要性,并结合古今大量案例提供了众多行之有效的眼力提升法。全书共分九章,主要内容包括:看出一生的祸福——独具慧眼、看明事情的价值——眼疾手快、看重成功的机遇——眼观六路、看淡盛衰的命脉——冷眼旁观等。 | |
| 606 | 0 | @a心理交往@j通俗读物 |
| 690 | @aC912.11-49@v5 | |
| 690 | @aC912.11@v4 | |
| 701 | 0 | @a刘畅@9liu chang@4著 |
| 801 | 0 | @aCN@b91MARC@c20170905 |
| 905 | @aMuseLib@dC912.11@e1242 | |
| 眼力,你该有的分辨力/刘畅著.-北京:台海出版社,2017 |
| 235页;24cm |
| ISBN 978-7-5168-1427-7:CNY36.00 |
| 本书从多个方面分析了眼力的重要性,并结合古今大量案例提供了众多行之有效的眼力提升法。全书共分九章,主要内容包括:看出一生的祸福——独具慧眼、看明事情的价值——眼疾手快、看重成功的机遇——眼观六路、看淡盛衰的命脉——冷眼旁观等。 |
| ● |
| 相关链接 |
|
|
|
|
正题名:眼力,你该有的分辨力
索取号:C912.11/1242
 
预约/预借
| 序号 | 登录号 | 条形码 | 馆藏地/架位号 | 状态 | 备注 |
| 1 | 1104975 | 211049756 | 第一借阅区/ [索取号:C912.11/1242] | 在馆 | |
| 2 | 1104976 | 211049765 | 教育系资料室/ [索取号:C912.11/1242] | 在馆 | |
| 3 | 1104977 | 211049774 | 教育系资料室/ [索取号:C912.11/1242] | 在馆 | |
| 4 | 1104978 | 211049783 | 教育系资料室/ [索取号:C912.11/1242] | 在馆 | |
| 5 | 1104979 | 211049792 | 第一借阅区/ [索取号:C912.11/1242] | 在馆 | |
| 6 | 1104980 | 211049809 | 第一借阅区/ [索取号:C912.11/1242] | 在馆 | |
| 7 | 999706 | 209997066 | 第一样本阅览室/ [索取号:C912.11/1242] | 在馆 | |
| 8 | 999707 | 209997075 | 第一借阅区/ [索取号:C912.11/1242] | 在馆 | |
| 9 | 999708 | 209997084 | 第一借阅区/ [索取号:C912.11/1242] | 在馆 | |
| 10 | 999709 | 209997093 | 第一借阅区/ [索取号:C912.11/1242] | 在馆 | |
| 11 | 999710 | 209997100 | 第一借阅区/ [索取号:C912.11/1242] | 在馆 | |
| 12 | 999711 | 209997119 | 社科部资料室/ [索取号:C912.11/1242] | 在馆 |